000 00511nmm a2200181 a 4500
003 AR-X00000XY
005 20251128212023.0
008 177020s1951 ||||||||||||||000 | spa||
040 _cAR-X00000XY
100 1 _aKierkegaard, Sören
245 1 0 _aEtapas en el camino de la vida
260 _aBuenos Aires
_bSantiago Rueda, Editor
_c1951
300 0 _a424 p.
500 0 _aCon firma y anotaciones manuscritas de Alejandra Pizarnik
700 1 _aCastro, Juana
_etraductor
942 _cBK
998 _cmartin
999 _c22110
_d22110